00755nam a2200205Ia 4500003000900000008004100009040001600050080002200066245011200088260005100200300000900251490006300260650004100323650001000364650002500374700003000399942000700429999001500436952009800451IN-BaIIA211028s9999 xx 000 0 eng d cIIA Library a082.2:52bIAU-S11 4aThe rotation of the earth and atomic time standardscedited by Dirk Brouwer  aMoscowbInternational Astronomical Unionc1958 a44p. aIAU Symposium; no. 11 Reprint from April 1959, 64, Part 81 aAstronomy and Astrophysics Thesaurus aEarth aEarth rotation93950 aBrouwer, Dirk, ed.,93951 cBK c2173d2173 00104070aBANbBANcGENd0000-00-00l0o082.2:52/ IAU-S11p2438r2021-11-05w0000-00-00yBK